000 00288nam a22001337a 4500
008 170801b xxu||||| |||| 00| 0 eng d
020 _a025211441305
041 _aeng
080 _a004
100 _a32
101 _aSHKI
245 _aWINDOWS SERVER 2003
_cMINASI, M
942 _2udc
_cBK
999 _c22446
_d22446